|
|
|
|
| LEADER |
01824cam a22004457a 4500 |
| 008 |
090624s2009 enka bf 001 0 eng |
| 010 |
|
|
|a 2009464132
|
| 015 |
|
|
|a GBA901647
|2 bnb
|
| 016 |
7 |
|
|a 101501093
|2 DNLM
|
| 016 |
7 |
|
|a 014865588
|2 Uk
|
| 020 |
|
|
|a 9780521877107 (hbk.)
|
| 020 |
|
|
|a 0521877105 (hbk.)
|
| 020 |
|
|
|a 9780521730716 (pbk.)
|
| 020 |
|
|
|a 0521730716 (pbk.)
|
| 035 |
|
|
|a (OCoLC)ocn295002266
|
| 042 |
|
|
|a nlmcopyc
|a lccopycat
|
| 060 |
0 |
0 |
|a 2009 D-465
|
| 060 |
1 |
0 |
|a QZ 52
|b P5785 2009
|
| 082 |
0 |
4 |
|a 576.88
|2 22
|
| 245 |
0 |
4 |
|a The phylogenetic handbook :
|b a practical approach to phylogenetic analysis and hypothesis testing /
|c edited by Philippe Lemey, Marco Salemi, Anne-Mieke Vandamme.
|
| 250 |
|
|
|a 2nd ed.
|
| 260 |
|
|
|a Cambridge, UK ;
|a New York :
|b Cambridge University Press,
|c 2009.
|
| 300 |
|
|
|a xxvi, 723 p. :
|b ill. (some col.) ;
|c 26 cm.
|
| 504 |
|
|
|a Includes bibliographical references (p. 672-708) and index.
|
| 650 |
|
0 |
|a DNA
|x Analysis
|v Handbooks, manuals, etc.
|
| 650 |
|
0 |
|a Proteins
|x Analysis
|v Handbooks, manuals, etc.
|
| 650 |
|
0 |
|a Cladistic analysis
|v Handbooks, manuals, etc.
|
| 650 |
|
0 |
|a Amino acid sequence
|x Data processing.
|
| 650 |
1 |
2 |
|a Sequence Analysis, DNA
|x methods.
|
| 650 |
1 |
2 |
|a Sequence Analysis, Protein
|x methods.
|
| 650 |
2 |
2 |
|a Models, Genetic.
|
| 650 |
2 |
2 |
|a Phylogeny.
|
| 700 |
1 |
|
|a Salemi, Marco,
|d 1968-
|
| 700 |
1 |
|
|a Vandamme, Anne-Mieke,
|d 1960-
|
| 700 |
1 |
|
|a Lemey, Philippe.
|
| 906 |
|
|
|a 7
|b cbc
|c copycat
|d 2
|e ncip
|f 20
|g y-gencatlg
|
| 942 |
|
|
|c BK
|
| 955 |
|
|
|b rf17 2009-06-24 z-processor
|a rf17 2009-06-24 to USPL
|a xh00 2009-06-25 to USPL/STM
|i xh12 2009-09-23
|a xg16 2009-11-10
|
| 999 |
|
|
|c 353642
|d 353642
|
| 952 |
|
|
|0 0
|1 0
|2 ddc
|4 0
|6 576_880000000000000_LEM_P
|7 0
|9 409194
|a BOT
|b BOT
|c ST1
|d 2020-11-06
|i 7375
|l 0
|o 576.88 LEM/P
|p BOT7375
|r 2020-11-06
|w 2020-11-06
|y BK
|